01732cam a2200349 a 450000100090000000300090000900500170001800800410003501000170007602000250009302000220011803500230014004000590016304100130022205000220023508200150025710000360027224000410030824500930034925000210044226000990046330000280056250400410059050503340063165000400096565000830100565000330108885600910112190600450121299900130125795201120127014533821MKLZXCBG20220326193253.0060905s2008 nyu b 000 0 eng  a 2006049607 a9780802143006 (pbk.) a0802143008 (pbk.) a(OCoLC)ocm71286732 aDLCcDLCdBAKERdBTCTAdYDXCPdC#PdBWXdVP@dZLMdDLC1 aenghfre00aGN645b.F313 200800a944bF214b1 aFanon, Frantz,d1925-1961.983810aPeau noire, masques blancs.lEnglish10aBlack skin, white masks /cFrantz Fanon ; translated from the French by Richard Philcox. a1st ed., new ed. aNew York :bGrove Press ;a[Berkeley, Calif.] :bDistributed by Publishers Group West,cc2008. axviii, 206 p. ;c21 cm. aIncludes bibliographical references.0 aThe black man and language -- The woman of color and the white man -- The man of color and the white woman -- The so-called dependency complex of the colonized -- The lived experience of the black man -- The black man and the psychopathology -- The black man and recognition -- The black man and Adler -- The black man and Hegel. 0aBlack racexSocial conditions.9839 0xhistoria-colonial- europeaxraza negraxcondiciones sociales/psicologicas9840 0aBlack racexPsychology.9841423Publisher descriptionuhttp://www.loc.gov/catdir/enhancements/fy0712/2006049607-d.html a7bcbccorignewd1eocipf20gy-gencatlg c174d174 00102ddc4070aLVbLVcPensamientod2014-05-26l0o944 F214bp000189r2014-05-26 00:00:00w2014-05-26y01